000 00208 a2200097 4500
001 32082
100 _aGagliar
245 _aSatellite Communications
260 _aN Delhi
_bCBS
_c1984
090 _c21532
_d21532
942 _aNUST-CAE
_cM
_c12817
999 _c267155
_d267155